000 00544nam a2200205Ia 4500
003 OSt
005 20230529155901.0
008 210423s2003 xx 000 0 und d
040 _cAL
041 _aeng
082 _a307.1772
_223
_bRAOT
100 _aRAO (Y Ravindranath)
_9116025
245 _aStudy of kudubis of south india
260 _aMangalore
_bMangala Publications
_c2003
365 _b380
_cINR
650 _aCommunities
_9116026
650 _aSociology
_9116027
906 _aindia ; kudubis ; south ; Study
942 _2ddc
_cBK
999 _c175405
_d175405